Normal view
MARC view
Entry Personal Name
001 - CONTROL NUMBER
- control field: 8175
003 - CONTROL NUMBER IDENTIFIER
- control field: OSt
005 - DATE AND TIME OF LATEST TRANSACTION
- control field: 20160421142754.0
008 - FIXED-LENGTH DATA ELEMENTS
- fixed length control field: 160421|| aca||aabn | a|a d
040 ## - CATALOGING SOURCE
- Original cataloging agency: OSt
- Transcribing agency: OSt
100 ## - HEADING--PERSONAL NAME
- Personal name: Siever, Raymond.
670 ## - SOURCE DATA FOUND
- Source citation: Work cat.: (OSt)3682: Press, Frank, 1924- 8174, Earth /, 1998.
